[Event "Mechanics' Bedjanian TNM; G/2 d/5"]
[Site "San Francisco"]
[Date "2018.11.13"]
[Round "4.35"]
[White "Morgan, Jerry"]
[Black "Cendejas, Jon Rodo"]
[Result "1-0"]
[WhiteElo "1481"]
[BlackElo "979"]
[Annotator "Winslow,Elliott"]
[PlyCount "95"]
[EventDate "2018.??.??"]
[Source "ChessBase"]
[SourceDate "2007.09.04"]

1. f4 d5 2. Nf3 Nc6 3. e3 Nf6 4. Bb5 Bd7 5. b3 a6 6. Bxc6 Bxc6 7. Bb2 e6 8. O-O
Be7 9. Ne5 Qd6 10. d3 O-O 11. Nd2 Nd7 12. Qg4 Bf6 13. Ndf3 g6 14. Rab1 Nb6 15.
h4 Bg7 $2 (15... h5) 16. Bd4 $2 (16. h5 $18) 16... Bb5 $6 (16... h5) 17. c4 (
17. h5) 17... c5 18. Ba1 $2 (18. Nxg6 $1 fxg6 19. Bxg7 Kxg7 20. cxb5 axb5 21.
a4) 18... Be8 19. Rbd1 $2 (19. h5 $2 gxh5 20. Qxh5 f6 $17) (19. d4) 19... f6
$19 20. Nxg6 hxg6 21. Kf2 Kf7 {
Okay, but essentially anything else was better -- safer on g8!} 22. h5 gxh5 23.
Qxh5+ Ke7 24. Qh7 (24. Qg4 Rf7) 24... Rf7 $17 25. Qg6 $6 (25. d4) 25... Kd8 26.
Rh1 Kc7 27. Rh7 Qe7 28. Qg3 Rc8 $6 (28... Bf8 29. f5+ Kc8 30. Rxf7 Qxf7 31.
fxe6 Qxe6) 29. Nh4 (29. f5+ e5 30. d4) 29... Kb8 30. f5+ e5 31. Qf3 d4 (31...
dxc4 32. dxc4 Rd8) 32. e4 Rc7 33. Ng6 Qd6 34. Rdh1 Nc8 35. Bb2 Ne7 $6 36. Nh8
Bxh8 37. Rxh8 Qd7 38. a3 Nc6 39. Bc1 Qe7 40. R8h6 Rf8 41. Qh3 Nd8 42. g4 Nf7
43. Rh7 Ng5 $4 44. Bxg5 $11 Bf7 $4 (44... Qxh7 45. Qxh7 Rxh7 46. Rxh7 fxg5 47.
Rg7 Kc8 48. Rxg5 Kd8 49. Rg7 Rf7 50. Rg8 Rh7 51. g5) 45. Bxf6 (45. Bd2 $1 $18)
45... Qe8 $4 {I suspect the score is wrong.} 46. g5 Bg8 47. Rxc7 Kxc7 48. Qg3
1-0

[Event "Mechanics' Bedjanian TNM; G/2 d/5"]
[Site "San Francisco"]
[Date "2018.11.27"]
[Round "6.33"]
[White "Morgan, Jerry"]
[Black "Cole, Tony"]
[Result "0-1"]
[WhiteElo "1481"]
[BlackElo "1400"]
[PlyCount "58"]
[EventDate "2018.??.??"]
[Source "ChessBase"]
[SourceDate "2007.09.04"]

1. f4 Nf6 2. Nf3 Nc6 3. e3 d5 4. Bb5 Bd7 5. b3 a6 6. Bxc6 Bxc6 7. Bb2 e6 8. O-O
Be7 9. Ne5 Qd6 10. d3 Nd7 11. Nxc6 Qxc6 12. Bxg7 Rg8 13. Bd4 O-O-O 14. Nd2 Nf6
15. Nf3 h5 16. Ne5 Qe8 17. c4 c5 18. Bb2 Ng4 19. Qf3 d4 20. exd4 cxd4 21. Nxg4
Rxg4 22. h3 Rh4 23. Qf2 Qg8 24. Kh1 Qg4 25. Rae1 Bc5 26. Bc1 Bd6 27. Re4 Rxh3+
28. gxh3 Qxh3+ 29. Qh2 Qxf1+ {and White soon resigned.} 0-1

[Event "Mechanics' Bedjanian TNM; G/2 d/5"]
[Site "San Francisco"]
[Date "2018.12.18"]
[Round "9.33"]
[White "Morgan, Jerry"]
[Black "Cowgill, Jackie"]
[Result "1-0"]
[WhiteElo "1481"]
[BlackElo "1007"]
[Annotator "Winslow,Elliott"]
[PlyCount "43"]
[EventDate "2018.??.??"]
[Source "ChessBase"]
[SourceDate "2007.09.04"]

1. f4 d6 2. Nf3 g6 3. d3 Nc6 4. c3 Bd7 5. Qc2 e6 6. e4 Qe7 7. e5 O-O-O 8. d4 f6
9. Bd3 Nh6 10. Na3 fxe5 11. fxe5 Nf7 12. Qa4 a6 13. Bxa6 Kb8 $6 ({
leads to intense "comp comp" ("computer complications"):} 13... bxa6 14. Qxa6+
Kb8 15. Nb5 dxe5 16. Be3 Bh6 17. Bf2 (17. Bxh6 Nxh6 18. Nxe5 Qh4+ 19. Kd1 $8
Qh5+ 20. Ke1 $11) 17... Bc8 18. Qxc6 Bb7 19. Qc4 e4 20. Bh4 Qd7 21. Bg3 $8 Bc6
22. Nxc7 exf3 $11) 14. Be2 $6 (14. exd6 $18 Nxd6 (14... Qxd6 15. Be2) (14...
cxd6 15. Qb3 Be8 16. O-O) 15. Bb5) 14... Ncxe5 (14... dxe5 15. Nb5 exd4 16.
Nfxd4 Qc5 17. Be3 Nxd4 18. Bxd4 Bxb5 19. Bxb5 Rxd4 20. cxd4 Qf5 21. Be2 $16)
15. Nb5 Nxf3+ 16. Bxf3 Bxb5 17. Qxb5 Rc8 18. O-O {(Hold it. Stop camera! Both
scoresheets now move right along, ignoring 18.Qxb7 mate....)} Bh6 19. a4 Bxc1
20. Rfxc1 Nd8 21. a5 Nc6 22. a6 1-0

[Event "Mechanics' Summer TNM; G/2 d/5"]
[Site "San Francisco"]
[Date "2018.07.03"]
[Round "6.38"]
[White "Morgan, Jerry"]
[Black "Cunningham, Charles"]
[Result "0-1"]
[WhiteElo "1524"]
[BlackElo "1403"]
[Annotator "Donaldson"]
[PlyCount "62"]
[EventDate "2018.??.??"]
[Source "ChessBase"]
[SourceDate "2007.09.04"]

1. f4 e6 2. Nf3 b6 3. e4 Bb7 4. d3 d5 5. e5 d4 6. c3 dxc3 7. bxc3 c5 8. Nbd2
Ne7 9. Nc4 Nd5 10. Qb3 Nc6 11. Be2 Be7 12. O-O O-O 13. d4 Ba6 14. a4 Na5 15.
Nxa5 Bxe2 16. Nc6 Qd7 17. Nxe7+ Qxe7 18. Rf2 Bxf3 19. Rxf3 cxd4 20. Ba3 Qh4 21.
Bxf8 dxc3 $2 (21... Rxf8) 22. Bxg7 $2 (22. Bb4) 22... Kxg7 23. Qc2 Nxf4 24.
Qxc3 $4 (24. Raf1) 24... Ne2+ 25. Kh1 Nxc3 26. Raf1 Qh5 27. Rg3+ Kf8 28. Rh3
Qg6 29. Rxc3 Rd8 30. Rcf3 Rd2 31. Rg3 Qe4 0-1

[Event "Mechanics' Bedjanian TNM; G/2 d/5"]
[Site "San Francisco"]
[Date "2018.10.30"]
[Round "2.16"]
[White "Morgan, Jerry"]
[Black "McKellar, Daniel"]
[Result "0-1"]
[WhiteElo "1481"]
[BlackElo "1878"]
[PlyCount "66"]
[EventDate "2018.??.??"]
[Source "ChessBase"]
[SourceDate "2007.09.04"]

1. f4 d5 2. Nf3 Bg4 3. e3 Nd7 4. h3 Bxf3 5. Qxf3 e5 6. Qxd5 Qh4+ 7. Kd1 O-O-O
8. fxe5 Qe7 9. Qa5 Kb8 10. Nc3 Nxe5 11. Nb5 Nc6 12. Qa4 Qxe3 13. d3 Qf2 14. Qf4
Qb6 15. a4 g6 16. Be3 Bh6 17. Bxb6 Bxf4 18. Bf2 Nh6 19. g4 a6 20. Na3 Rhe8 21.
Bg2 Nb4 22. Re1 {Diagram [#]} Nxd3 $1 23. Rxe8 Nxf2+ 24. Ke2 Rxe8+ 25. Kxf2 f5
26. Kf3 Bd6 27. g5 Nf7 28. h4 Ne5+ 29. Kf2 Ng4+ 30. Kf1 Ne3+ 31. Kf2 Nxg2 32.
Kxg2 Bxa3 33. bxa3 Re2+ {and Black later won.} 0-1

[Event "Mechanics' Shipman TNM; G/2 d/5"]
[Site "San Francisco"]
[Date "2018.09.04"]
[Round "5.39"]
[White "Morgan, Jerry D"]
[Black "Adams, Sophie"]
[Result "1/2-1/2"]
[WhiteElo "1520"]
[BlackElo "1379"]
[PlyCount "72"]
[EventDate "2018.??.??"]
[Source "ChessBase"]
[SourceDate "2007.09.04"]

1. f4 d5 2. Nf3 g6 3. d3 Bg7 4. c3 Nf6 5. Qc2 O-O 6. e4 dxe4 7. dxe4 b6 8. Be3
Bb7 9. Nbd2 c5 10. O-O-O Qc7 11. e5 Nd5 12. Re1 e6 13. Nc4 Nxe3 14. Rxe3 Nc6
15. Nd6 Ne7 16. Nxb7 Qxb7 17. Qe4 Qxe4 18. Rxe4 Rad8 19. Bc4 Nd5 20. Rd1 Nc7
21. Re2 Rxd1+ 22. Kxd1 Rd8+ 23. Rd2 Rxd2+ 24. Kxd2 Nd5 25. g3 h6 26. Kd3 Kf8
27. Ke4 Ne7 28. g4 Ke8 29. Nd2 Ng8 30. g5 hxg5 31. fxg5 Ne7 32. Bb5+ Kd8 33.
Nc4 Nf5 34. Kf4 Ke7 35. Ba6 Kd8 36. Bb5 Ke7 1/2-1/2

[Event "Mechanics' Winter TNM; G/2 d5"]
[Site "San Francisco"]
[Date "2018.02.27"]
[Round "8.21"]
[White "Morgan, Jerry D"]
[Black "Ash, Richard D"]
[Result "1-0"]
[WhiteElo "1449"]
[BlackElo "1718"]
[PlyCount "108"]
[EventDate "2018.??.??"]
[Source "ChessBase"]
[SourceDate "2007.09.04"]

1. f4 Nf6 2. Nf3 d5 3. e3 Bg4 4. h3 Bxf3 5. Qxf3 e6 6. g4 h6 7. h4 Bd6 8. d3 c6
9. g5 Ng8 10. Qh5 g6 11. Qf3 h5 12. e4 dxe4 13. dxe4 Ne7 14. Be3 Nd7 15. Bd4
O-O 16. Bf6 e5 17. f5 Nxf6 18. gxf6 Nc8 19. fxg6 fxg6 20. Qb3+ Rf7 $4 (20...
Kh8 $11) 21. Bc4 Qxf6 22. Bxf7+ (22. Rf1) 22... Qxf7 23. Qxf7+ Kxf7 24. Rf1+
Kg7 25. Nd2 Be7 26. Nf3 Bf6 27. Rd1 Nb6 28. b3 Re8 29. Rd6 Be7 30. Rd3 Bf6 31.
Ke2 Re6 32. c4 c5 33. Rfd1 Be7 34. Ng5 Rf6 35. Rf3 Rxf3 36. Nxf3 Kf6 37. Ng5
Kg7 38. Rf1 Kh6 39. Nf3 Nd7 40. Rd1 Nf6 41. Ng5 b6 42. Kf3 Kg7 43. Kg3 a6 44.
a4 a5 45. Re1 Ng4 46. Ne6+ Kf7 47. Nc7 g5 48. Rf1+ Kg6 49. Nd5 gxh4+ 50. Kh3
Bg5 51. Nxb6 Nf6 52. Rf5 Nxe4 53. Rxe5 Nf2+ 54. Kg2 Be3 1-0

[Event "Mechanics' Winter TNM; G/2 d5"]
[Site "San Francisco"]
[Date "2018.01.16"]
[Round "2.44"]
[White "Morgan, Jerry D"]
[Black "Badgett Jr, James"]
[Result "1-0"]
[WhiteElo "1449"]
[BlackElo "1012"]
[PlyCount "59"]
[EventDate "2018.??.??"]
[Source "ChessBase"]
[SourceDate "2007.09.04"]

1. f4 c5 2. Nf3 d6 3. e4 g6 4. Be2 Nc6 5. c3 Bg7 6. O-O Bd7 7. Kh1 e6 8. d4 d5
9. e5 Qb6 10. Na3 a6 11. Qb3 Qc7 12. dxc5 Na5 13. Qb6 Rc8 14. Qxc7 Rxc7 15. b4
Nc6 16. Be3 Nge7 17. b5 Nf5 18. Bf2 Nb8 19. Nd4 Ne7 20. Rab1 O-O 21. c4 Bh6 22.
g3 g5 23. Rg1 Kh8 24. Be3 dxc4 25. Nxc4 Nf5 26. Nxf5 axb5 27. Nfd6 bxc4 28.
Bxc4 gxf4 29. gxf4 Rg8 30. Nxf7# 1-0

[Event "Mechanics' Spring TNM; G/2 d5"]
[Site "San Francisco"]
[Date "2018.04.24"]
[Round "6.37"]
[White "Morgan, Jerry D"]
[Black "Baer, Michael Alan"]
[Result "1/2-1/2"]
[WhiteElo "1586"]
[BlackElo "1385"]
[PlyCount "64"]
[EventDate "2018.??.??"]
[Source "ChessBase"]
[SourceDate "2007.09.04"]

1. f4 Nf6 2. Nf3 g6 3. d3 d5 4. c3 Bg7 5. Qc2 O-O 6. e4 dxe4 7. dxe4 Nc6 8. Bb5
Bd7 9. O-O a6 10. Ba4 b5 11. Bb3 Na5 12. Rd1 Nxb3 13. axb3 Qc8 14. Ne5 Bg4 15.
Re1 Be6 16. Be3 Ng4 17. Nxg4 Bxg4 18. Bd4 Bh6 19. Qf2 f6 20. Na3 e5 21. Bc5 Rf7
22. Be3 Qb7 23. Qg3 exf4 24. Bxf4 Bxf4 25. Qxf4 Qb6+ 26. Qf2 Qc6 27. Nc2 Be6
28. Nd4 Qe8 29. Qf3 Rf8 30. Qf4 c5 31. Nxe6 Qxe6 32. Qf2 Qe5 1/2-1/2

[Event "Mechanics' Summer TNM; G/2 d/5"]
[Site "San Francisco"]
[Date "2018.06.05"]
[Round "2.41"]
[White "Morgan, Jerry D"]
[Black "Capdeville, Barry"]
[Result "1-0"]
[WhiteElo "1524"]
[BlackElo "1200"]
[PlyCount "83"]
[EventDate "2018.??.??"]
[Source "ChessBase"]
[SourceDate "2007.09.04"]

1. f4 Nf6 2. Nf3 d5 3. e3 Bg4 4. h3 Bxf3 5. Qxf3 e6 6. g4 Ne4 7. h4 Be7 8. g5
Nc6 9. Bb5 Qd7 10. d3 Nd6 11. Ba4 b5 12. Bb3 Nb7 13. Bd2 Nc5 14. Bc3 d4 15.
exd4 Nxb3 16. axb3 O-O 17. Qe4 f5 18. Qe3 b4 19. Nd2 bxc3 20. bxc3 Nd8 21. Ra6
Qc8 22. Ra1 Qb7 23. Kf2 a5 24. Qf3 Qxf3+ 25. Nxf3 c5 26. Ne5 cxd4 27. cxd4 Rc8
28. Nc4 Nc6 29. Ke3 Bb4 30. Nb6 Rcd8 31. Na4 Nxd4 32. Ra2 Nb5 33. c4 Nd4 34.
Rb1 Rfe8 35. c5 e5 36. Rc1 exf4+ 37. Kxf4 Ne6+ 38. Kxf5 Nd4+ 39. Kg4 Nxb3 40.
Rc4 Be1 $19 41. c6 Nd4 $2 42. c7 (42. c7 Rc8 43. Nb6 (43. Rxd4 Rxc7 $11) 43...
Nb5 {held.}) 1-0

[Event "Mechanics' Shipman TNM; G/2 d/5"]
[Site "San Francisco"]
[Date "2018.08.21"]
[Round "3.22"]
[White "Morgan, Jerry D"]
[Black "Cortinas, Martin A"]
[Result "0-1"]
[WhiteElo "1520"]
[BlackElo "1719"]
[PlyCount "40"]
[EventDate "2018.??.??"]
[Source "ChessBase"]
[SourceDate "2007.09.04"]

1. f4 d5 2. Nf3 Bg4 3. e3 Nd7 4. h3 Bxf3 5. Qxf3 e6 6. Bd3 Nc5 7. O-O Nxd3 8.
cxd3 Qh4 9. Nc3 O-O-O 10. Nb5 a6 11. Nd4 Bc5 12. Ne2 f5 13. d4 Bd6 14. d3 Nf6
15. Bd2 g5 16. Qf2 Qh6 17. Qe1 Rhg8 18. b4 g4 19. Kh2 gxh3 20. gxh3 Ng4+ 0-1

[Event "Mechanics' Summer TNM; G/2 d/5"]
[Site "San Francisco"]
[Date "2018.06.26"]
[Round "5.42"]
[White "Morgan, Jerry D"]
[Black "Enkhjargal, Gabriel"]
[Result "1-0"]
[WhiteElo "1524"]
[BlackElo "954"]
[PlyCount "29"]
[EventDate "2018.??.??"]
[Source "ChessBase"]
[SourceDate "2007.09.04"]

1. f4 d5 2. Nf3 Nc6 3. e3 Bg4 4. Bb5 Qd7 5. O-O a6 6. Ba4 b5 7. Bb3 e5 8. Qe1
Bd6 9. Bxd5 Nf6 10. Bb3 Na5 11. fxe5 Bxf3 12. exf6 Bc6 13. fxg7 Rg8 14. Bxf7+
Ke7 15. Qh4# 1-0

[Event "Mechanics' Shipman TNM; G/2 d/5"]
[Site "San Francisco"]
[Date "2018.08.07"]
[Round "1.10"]
[White "Morgan, Jerry D"]
[Black "Kokesh, Tim"]
[Result "0-1"]
[WhiteElo "1520"]
[BlackElo "2015"]
[PlyCount "68"]
[EventDate "2018.??.??"]
[Source "ChessBase"]
[SourceDate "2007.09.04"]

1. f4 Nf6 2. Nf3 g6 3. c3 Bg7 4. d3 d5 5. Qc2 Bf5 6. Nbd2 Ng4 7. Nb3 O-O 8. e4
Bc8 9. e5 b6 10. d4 Ba6 11. Bd3 e6 12. h3 Nh6 13. g4 Bxd3 14. Qxd3 Nd7 15. Be3
Rc8 16. Qb5 c6 17. Qb4 Re8 18. O-O-O Bf8 19. Qa4 Qc7 20. Qa6 c5 21. Qe2 c4 22.
Nbd2 b5 23. Nh4 f5 24. g5 Nf7 25. Nxg6 hxg6 26. h4 Bg7 27. h5 Nf8 28. h6 Bh8
29. Nf3 Kh7 30. Rh3 Nd8 31. Nh2 Qb8 32. Ng4 fxg4 33. Qxg4 Rc6 34. Rg1 Re7 0-1

[Event "Mechanics' Shipman TNM; G/2 d/5"]
[Site "San Francisco"]
[Date "2018.09.25"]
[Round "8.21"]
[White "Morgan, Jerry D"]
[Black "Lesquillier, Walter"]
[Result "0-1"]
[WhiteElo "1520"]
[BlackElo "1671"]
[PlyCount "56"]
[EventDate "2018.??.??"]
[Source "ChessBase"]
[SourceDate "2007.09.04"]

1. f4 Nf6 2. Nf3 g6 3. d3 Bg7 4. e4 O-O 5. Nc3 c5 6. e5 Ne8 7. Ne4 d6 8. c3 Bg4
9. h3 Bxf3 10. Qxf3 Nc6 11. Be3 dxe5 12. Bxc5 Nd6 13. Be2 Qc7 14. O-O b6 15.
Ba3 Nb5 16. f5 Nxa3 17. bxa3 Nb8 18. Nf6+ Bxf6 19. Qxa8 Nc6 20. Qxf8+ Kxf8 21.
fxg6 hxg6 22. Bf3 Qd6 23. Be4 Qxa3 24. Bxc6 Qc5+ 25. Kh1 Qxc6 26. Rac1 Qd5 27.
Rfd1 Qxa2 28. Ra1 Qe2 0-1

[Event "Mechanics' Spring TNM; G/2 d5"]
[Site "San Francisco"]
[Date "2018.03.20"]
[Round "1.4"]
[White "Morgan, Jerry D"]
[Black "O'Connor, Derek"]
[Result "0-1"]
[WhiteElo "1586"]
[BlackElo "2305"]
[Annotator "Donaldson"]
[PlyCount "36"]
[EventDate "2018.??.??"]
[Source "ChessBase"]
[SourceDate "2007.09.04"]

1. f4 Nh6 {It's not often Black can put his knight on h6 on move one, but here
it is completely playable.} 2. e4 (2. Nf3) 2... d5 3. exd5 (3. e5 Bg4 {
will lead to a nice French type position for Black who will have traded off
the bad bishop.}) 3... Qxd5 {Black has a good version of the Center Counter or
Scandinavian (1.e4 d5 2.exd5 Qxd5).} 4. Qf3 Qd8 5. Bc4 Nc6 6. Ne2 e5 (6... Bg4)
7. O-O Bc5+ 8. Kh1 Bf5 9. Qb3 O-O 10. Qb5 $2 (10. fxe5) 10... Qe7 11. d3 Bd7
12. Bd5 Nd4 13. Qc4 Bb5 14. Qc3 Nxe2 15. Qxe5 Qxe5 16. fxe5 Nxc1 17. Rxc1 Ng4
18. Re1 Nf2+ 0-1

[Event "Mechanics' Spring TNM; G/2 d5"]
[Site "San Francisco"]
[Date "2018.04.03"]
[Round "3.45"]
[White "Morgan, Jerry D"]
[Black "Otterbach, Renate"]
[Result "1-0"]
[WhiteElo "1586"]
[BlackElo "1082"]
[Annotator "Donaldson"]
[PlyCount "39"]
[EventDate "2018.??.??"]
[Source "ChessBase"]
[SourceDate "2007.09.04"]

1. f4 d5 2. Nf3 e6 3. b3 Nf6 4. Bb2 c5 5. e3 Nc6 6. Bb5 Bd7 7. O-O a6 8. Bxc6
Bxc6 9. Ne5 Bb5 10. d3 d4 11. e4 Be7 12. Nd2 Nd7 13. Qg4 Bf6 14. Nxd7 h5 $4 (
14... Qxd7 15. e5 h5 (15... Be7 16. Qxg7 $16) 16. Qg3 h4 17. Qg4 Be7 18. Qxg7
O-O-O 19. Qxf7 Rdf8 20. Qg7 Rfg8 $11) 15. Nxf6+ gxf6 16. Qh4 Bc6 17. Ba3 Qa5
18. Nc4 Qd8 19. Bxc5 Kd7 20. Bxd4 1-0

[Event "Mechanics' Summer TNM; G/2 d/5"]
[Site "San Francisco"]
[Date "2018.07.17"]
[Round "8.25"]
[White "Morgan, Jerry D"]
[Black "Robeal, Rafik"]
[Result "1-0"]
[WhiteElo "1524"]
[BlackElo "1673"]
[PlyCount "107"]
[EventDate "2018.??.??"]
[Source "ChessBase"]
[SourceDate "2007.09.04"]

1. f4 d5 2. Nf3 c5 3. e3 a6 4. b3 Nf6 5. Bb2 e6 6. Be2 Nc6 7. O-O Be7 8. Ne5
Qc7 9. d3 O-O 10. Nd2 b5 11. c4 Bb7 12. Ndf3 Rfd8 13. Nxc6 Bxc6 14. Ne5 Bb7 15.
Qe1 d4 16. e4 Bd6 17. Qg3 Nd7 18. Ng4 Kh8 19. e5 Be7 20. Bf3 Nf8 21. Bxb7 Qxb7
22. Qf3 Rab8 23. f5 Qxf3 24. Rxf3 exf5 25. Rxf5 bxc4 26. Rxf7 Bg5 27. dxc4 Ne6
28. Bc1 Rf8 29. Rxf8+ Rxf8 30. Bxg5 Nxg5 31. Nf2 Kg8 32. Nd3 Ne6 33. Rf1 Rc8
34. Rf5 a5 35. Kf2 g6 36. Rf6 Rf8 37. Rxf8+ Kxf8 38. h4 Ke8 39. Kf3 Kd7 40. Ke4
Kc6 41. g3 Ng7 42. g4 Ne6 43. Nf4 Kd7 44. a4 Nxf4 45. Kxf4 d3 46. Ke3 d2 47.
Kxd2 Ke6 48. h5 gxh5 49. gxh5 h6 50. Kd3 Kxe5 51. Ke3 Kf5 52. Kf3 Kg5 53. Ke4
Kxh5 54. b4 1-0

[Event "Mechanics' Winter TNM; G/2 d5"]
[Site "San Francisco"]
[Date "2018.02.13"]
[Round "6.20"]
[White "Morgan, Jerry D"]
[Black "Sherwood, Peter"]
[Result "0-1"]
[WhiteElo "1449"]
[BlackElo "1561"]
[PlyCount "99"]
[EventDate "2018.??.??"]
[Source "ChessBase"]
[SourceDate "2007.09.04"]

1. f4 Nf6 2. Nf3 Nc6 3. e3 d5 4. Bb5 Bd7 5. b3 a6 6. Bxc6 Bxc6 7. Bb2 g6 8. Ne5
Qd6 9. O-O Bg7 10. d3 O-O 11. Nd2 Nd7 12. Ndf3 f6 13. Nxc6 Qxc6 14. Nd4 Qb6 15.
Qf3 e5 $2 16. Qxd5+ Rf7 17. fxe5 Qc5 18. Qxb7 Rff8 19. e6 Ne5 20. Rae1 Qd6 21.
Qe4 c5 22. Nf3 f5 23. Qf4 Nxf3+ 24. Rxf3 Qxf4 25. Rxf4 Bxb2 26. Rc4 Rac8 27.
Ra4 Bc3 28. Re2 a5 29. Rc4 Bf6 30. g3 Rfe8 31. d4 Rxe6 32. c3 Rec6 33. d5 Rd6
34. Rd2 Kf7 35. b4 axb4 36. cxb4 Bg5 37. Kf2 Re8 38. Rd3 cxb4 39. Rxb4 Red8 40.
Rb5 Kf6 41. h4 Bh6 42. a4 Ke5 43. Rb7 R8d7 44. Rb8 Rxd5 45. Rb5 Ke6 46. Rbxd5
Rxd5 47. Rd4 Rxd4 48. exd4 Kd5 49. a5 Bg7 50. Ke3 0-1

[Event "Mechanics' Winter TNM; G/2 d5"]
[Site "San Francisco"]
[Date "2018.01.30"]
[Round "4.22"]
[White "Morgan, Jerry D"]
[Black "Wonsever, James"]
[Result "0-1"]
[WhiteElo "1449"]
[BlackElo "1825"]
[PlyCount "106"]
[EventDate "2018.??.??"]
[Source "ChessBase"]
[SourceDate "2007.09.04"]

1. f4 d5 2. Nf3 c5 3. e3 Nc6 4. Bb5 e6 5. b3 Bd6 6. Bb2 Nf6 7. O-O Bd7 8. Bxc6
Bxc6 9. Ne5 Bb5 10. d3 O-O 11. a4 Ba6 12. Nd2 Nd7 13. Nxd7 Qxd7 14. Qg4 f6 15.
Rf3 Qe7 16. Rh3 Rac8 17. c4 Rcd8 18. Nf3 b6 19. Qh5 g6 20. Qh6 Bb7 21. Rf1 Rd7
22. Nh4 Qg7 23. Qxg7+ Kxg7 24. Nf3 Re7 25. Kf2 e5 26. g3 h6 27. f5 g5 28. Nd2
e4 29. dxe4 dxe4 30. Rh5 Bc6 31. g4 Rd8 32. Ke2 a6 33. h4 Red7 34. hxg5 hxg5
35. Rxg5+ Kf7 36. Rh1 fxg5 37. Rh7+ Ke8 38. Rh8+ Bf8 39. Bc3 Rd3 40. Nb1 b5 41.
axb5 axb5 42. Rg8 bxc4 43. bxc4 Ba4 44. Bf6 R8d7 45. Rxg5 Bc2 46. Nc3 Bh6 47.
Nd5 Bxg5 48. Bxg5 R7xd5 49. cxd5 Rxd5 50. Bh6 Bd1+ 51. Ke1 Bxg4 52. f6 Kf7 53.
Bg7 c4 0-1

[Event "Mechanics' Winter TNM; G/2 d5"]
[Site "San Francisco"]
[Date "2018.02.13"]
[Round "6.51"]
[White "Nasiff, Wassim"]
[Black "Capdeville, Barry"]
[Result "0-1"]
[WhiteElo "1171"]
[BlackElo "1173"]
[PlyCount "76"]
[EventDate "2018.??.??"]
[Source "ChessBase"]
[SourceDate "2007.09.04"]

1. e4 e5 2. Nf3 Nf6 3. Nc3 d6 4. h3 Nc6 5. Bc4 Be7 6. a4 O-O 7. d3 Nd4 8. Nxd4
exd4 9. Nd5 c6 10. Nxe7+ Qxe7 11. O-O Be6 12. Bxe6 Qxe6 13. Qd2 Rae8 14. Qb4 c5
15. Qxb7 Re7 16. Qa6 Rb8 17. Qa5 Qd7 18. Qd2 d5 19. Qf4 Rbe8 20. f3 Nh5 21. Qh4
g6 22. Bg5 Re6 23. g4 f6 24. gxh5 fxg5 25. Qxg5 Re5 26. Qg4 R8e6 27. f4 Rxh5
28. f5 Re5 29. Rf2 Qd8 30. Rg2 Rh4 31. Qg5 Qxg5 32. Rxg5 Rf4 33. Re1 dxe4 34.
h4 $2 Rxh4 35. Re2 Rxf5 36. Rxf5 gxf5 37. dxe4 Rxe4 38. Rg2+ Rg4 {
Black later won. Remaining moves unavailable.} 0-1

[Event "Mechanics' Bedjanian TNM; G/2 d/5"]
[Site "San Francisco"]
[Date "2018.10.30"]
[Round "2.41"]
[White "Nassif, Wassim"]
[Black "McEnroe, Glenn"]
[Result "0-1"]
[WhiteElo "1127"]
[BlackElo "1508"]
[PlyCount "62"]
[EventDate "2018.??.??"]
[Source "ChessBase"]
[SourceDate "2007.09.04"]

1. e4 e6 2. d4 d5 3. e5 c5 4. c3 Nc6 5. Nf3 Qb6 6. Be2 cxd4 7. cxd4 Bd7 8. O-O
Nge7 9. Nc3 Nf5 10. Na4 Qd8 11. Nc5 Bxc5 12. dxc5 O-O 13. a3 Qc7 14. Bf4 Nfd4
15. Nxd4 f6 16. Nb5 Qb8 17. Nd6 fxe5 18. Bg3 Nd4 19. Bxe5 Nc6 20. Bg3 a6 21. b4
b5 22. Qd3 Qd8 23. Bd1 Qf6 24. Bc2 g6 25. Ra2 Nd4 26. Ne4 dxe4 27. Qxe4 Bc6 28.
Qe5 {Diagram [#]} Nf3+ $1 29. gxf3 Qxf3 30. Qxe6+ Rf7 31. Bxg6 Qg2# 0-1

[Event "Mechanics' Summer TNM; G/2 d/5"]
[Site "San Francisco"]
[Date "2018.05.29"]
[Round "1.36"]
[White "Nassif, Wassim"]
[Black "Nyangar, Enkhmaa"]
[Result "0-1"]
[WhiteElo "1164"]
[BlackElo "1732"]
[PlyCount "114"]
[EventDate "2018.??.??"]
[Source "ChessBase"]
[SourceDate "2007.09.04"]

1. e4 c5 2. Nf3 Nc6 3. Bc4 d6 4. a3 g6 5. d4 cxd4 6. Nxd4 Bg7 7. c3 a6 8. Qf3
Ne5 9. Qe2 Nxc4 10. Qxc4 Nf6 11. Qd3 O-O 12. O-O b5 13. Be3 Bb7 14. Nd2 Qc7 15.
Rac1 d5 16. f3 dxe4 17. fxe4 Nxe4 18. Nxe4 Rad8 19. Qc2 Qe5 20. Nf3 Qxe4 21.
Qxe4 Bxe4 22. Bd4 Bh6 23. Rce1 Bd3 24. Rf2 e6 25. Ne5 Bc4 26. Nc6 Rd7 27. Ne5
Rfd8 28. Nxc4 bxc4 29. Rfe2 Rb8 30. Rb1 Bf8 31. Be5 Bc5+ 32. Kf1 Rb5 33. a4 Rb3
34. h3 f6 35. Bf4 Rd5 36. Rd2 Rf5 37. g3 e5 38. Re2 a5 39. Re4 exf4 40. gxf4
Bd6 41. Ke2 Rxf4 42. Rxf4 Bxf4 43. Kd1 Be5 44. Kc2 f5 45. Rd1 Rb6 46. Rd5 Bd6
47. Rd4 Rc6 48. b3 cxb3+ 49. Kxb3 g5 50. Rd3 f4 51. c4 Kf7 52. Kc3 Kf6 53. Kd4
Be5+ 54. Kd5 Rd6+ 55. Ke4 Rxd3 56. Kxd3 h5 57. c5 g4 0-1

[Event "Mechanics' Shipman TNM; G/2 d/5"]
[Site "San Francisco"]
[Date "2018.09.11"]
[Round "6.38"]
[White "Newey, Richard"]
[Black "Allen, Tom Carter"]
[Result "1-0"]
[WhiteElo "1630"]
[BlackElo "1400"]
[PlyCount "49"]
[EventDate "2018.??.??"]
[Source "ChessBase"]
[SourceDate "2007.09.04"]

1. e4 e5 2. Nf3 Nc6 3. Bc4 Nf6 4. Ng5 Bc5 5. Bxf7+ Ke7 6. Bd5 Rf8 7. O-O d6 8.
h3 Nxd5 9. exd5 Nd4 10. c3 Nf5 11. Ne4 Bb6 12. d4 h6 13. dxe5 dxe5 14. c4 Nd4
15. Be3 Bf5 16. Nbc3 Qd7 17. Bxd4 Bxd4 18. g4 Bh7 19. Qe2 Rf4 20. Rad1 Kf7 21.
Kg2 c5 22. f3 Kg8 23. Nb5 Raf8 24. Nxd4 exd4 25. Nxc5 1-0

[Event "Mechanics' Bedjanian TNM; G/2 d/5"]
[Site "San Francisco"]
[Date "2018.11.13"]
[Round "4.20"]
[White "Newey, Richard"]
[Black "Babayan, Gagik"]
[Result "0-1"]
[WhiteElo "1600"]
[BlackElo "1833"]
[PlyCount "128"]
[EventDate "2018.??.??"]
[Source "ChessBase"]
[SourceDate "2007.09.04"]

1. e4 d5 2. exd5 Qxd5 3. Nc3 Qa5 4. d4 c6 5. Nf3 Nf6 6. Bd2 Qc7 7. Bc4 Bg4 8.
Qe2 Bxf3 9. Qxf3 e6 10. Ne4 Nxe4 11. Qxe4 Nd7 12. O-O Bd6 13. f4 Nf6 14. Qf3
O-O-O 15. Be2 Qb6 16. Bc3 Nd5 17. g3 Nxc3 18. bxc3 Qa5 19. Rfb1 g5 20. fxg5 Rd7
21. Rb3 Qxg5 22. Rab1 Qf5 23. Qxf5 exf5 24. Bd3 Re7 25. Bxf5+ Kb8 26. Kf2 h6
27. Kf3 Rhe8 28. c4 c5 29. d5 b6 30. Kf2 Re2+ 31. Kg1 Be5 32. c3 Rxa2 33. Bd7
Re7 34. Bc6 Rc2 35. Rf1 Kc7 36. Ra3 a5 37. Rb1 Bxc3 38. Rxc3 Rxc3 39. Rf1 Rxc4
40. Kg2 a4 41. Rf6 Rd4 42. Bxa4 Rxd5 43. Rxh6 Rd2+ 44. Kf3 Re6 45. Rh7 Rd3+ 46.
Kf2 Rf6+ 47. Ke2 c4 48. Rh4 Re6+ 49. Kf1 Rc3 50. Rf4 f6 51. g4 Kd8 52. Rd4+ Ke7
53. Rd7+ Kf8 54. h4 Rg3 55. Rd8+ Kf7 56. Rd4 Rc3 57. Rf4 Kg7 58. Bb5 Rc1+ 59.
Kf2 c3 60. g5 fxg5 61. hxg5 Re5 62. Bd3 Rd1 63. Bf5 Rxf5 64. Ke2 Rd2+ 0-1